Intermediate mechanics (Record no. 180600)

000 -LEADER
fixed length control field 01159 a2200229 4500
003 - CONTROL NUMBER IDENTIFIER
control field Nust
005 - DATE AND TIME OF LATEST TRANSACTION
control field 20170207153152.0
010 ## - LIBRARY OF CONGRESS CONTROL NUMBER
LC control number 00025674
020 ## - INTERNATIONAL STANDARD BOOK NUMBER
International Standard Book Number 0072325194 (alk. paper)
040 ## - CATALOGING SOURCE
Transcribing agency Nust
082 00 - DEWEY DECIMAL CLASSIFICATION NUMBER
Classification number 530
100 1# - MAIN ENTRY--PERSONAL NAME
Personal name D.Humphrey
245 10 - TITLE STATEMENT
Title Intermediate mechanics
Statement of responsibility, etc. D.Humphrey
260 ## - PUBLICATION, DISTRIBUTION, ETC.
Place of publication, distribution, etc. Boston :
Name of publisher, distributor, etc. LongMans
Date of publication, distribution, etc. .
300 ## - PHYSICAL DESCRIPTION
Extent xiv, 438 p. :
Other physical details ill. ;
Dimensions 24 cm.
440 #0 - SERIES STATEMENT/ADDED ENTRY--TITLE
Title series in mechanical engineering
505 ## - FORMATTED CONTENTS NOTE
Formatted contents note Introduction forces acting At a Point (Page-1) Parallel Forces , Moments , Couples(Page-32)Coplanar Forces (page-64) Graphical Constructions (page-123) Friction (apge-157) Work ,Machines (Page-194) Centre of Gravity (Page-218) Bending Moments ,Suspension Bridges, Catenary (page-261) Virtual work(Page-296) Fluid Pressure(Page-342) Centre of Pressure (Page-360) Thrust on any Surface (page-376) Equilibrium of Floating Bodies(page-385) gases(page-414)
538 ## - SYSTEM DETAILS NOTE
System details note Almirah No. 126 and Shelf No. 1
650 #0 - SUBJECT ADDED ENTRY--TOPICAL TERM
Topical term or geographic name entry element Strength of materials.
856 42 - ELECTRONIC LOCATION AND ACCESS
Materials specified Publisher description
Uniform Resource Identifier <a href="http://www.loc.gov/catdir/description/mh021/00025674.html">http://www.loc.gov/catdir/description/mh021/00025674.html</a>
856 42 - ELECTRONIC LOCATION AND ACCESS
Materials specified Table of contents
Uniform Resource Identifier <a href="http://www.loc.gov/catdir/toc/mh021/00025674.html">http://www.loc.gov/catdir/toc/mh021/00025674.html</a>
942 ## - ADDED ENTRY ELEMENTS (KOHA)
Source of classification or shelving scheme
Koha item type Book
Holdings
Withdrawn status Lost status Source of classification or shelving scheme Damaged status Not for loan Collection code Permanent Location Current Location Date acquired Total Checkouts Full call number Barcode Date last seen Price effective from Koha item type
            Military College of Signals (MCS) Military College of Signals (MCS) 12/12/2016   530 HUM MCS21987 12/08/2016 12/12/2016 Book
            Military College of Signals (MCS) Military College of Signals (MCS) 12/12/2016   530 HUM MCS24324 12/08/2016 12/12/2016 Book
© 2023 Central Library, National University of Sciences and Technology. All Rights Reserved.